000
00253nam a2200097Ia 4500
082
_a
AF VENT
245
0
_a
Begeerte
100
_a
VENTER, Eben Kaapstad, 2003 1ste uitg
_9
98503
942
_c
BK
008
210817s9999 xx 000 0 und d
999
_c
418352
_d
418351